000 00588nam a2200229Ia 4500
003 OSt
005 20230408113018.0
008 210423s2017 xx 000 0 und d
020 _a978-93-272-8161-3
040 _cAL
041 _aeng
082 _a657
_223
_bJAIA
100 _aJAIN (S P);NARANG (K L)
_984952
245 _aAccounting theory and higher accounting Ed 4
250 _a4
260 _aLudhiana
_bKalyani Publishers
_c2017
300 _a573
_bPB
365 _b350
_cINR
650 _aAccounting
_984953
906 _aAccounting ; higher ; theory
942 _2ddc
_cBK
999 _c169433
_d169433